Universal Orlando Resort Rides - Statistics

General Stats
  • This quiz has been taken 170 times
    56 since last reset
  • The average score is 30 of 62
Answer Stats
Park Land Answer % Correct
Universal Islands of Adventure Marvel Super Hero Island Doctor Doom's Fearfall
88%
Universal Studios Florida New York Race Through New York Starring Jimmy Fallon
88%
Universal Islands of Adventure Marvel Super Hero Island The Incredible Hulk Coaster
88%
Universal Islands of Adventure The Wizarding World of Harry Potter - Hogmeade Hagrid's Magical Creatures Motorbike Adventure
86%
Universal Islands of Adventure Jurassic Park Jurassic World VelociCoaster
86%
Universal Epic Universe SUPER NINTENDO WORLD Mario Kart: Bowser's Challenge
86%
Universal Studios Florida The Wizarding World of Harry Potter - Diagon Alley Harry Potter and the Escape from Gringotts
84%
Universal Islands of Adventure Marvel Super Hero Island The Amazing Adventures of Spider-Man
84%
Universal Studios Florida Illumination's Minion Land Despicable Me Minion Mayhem
81%
Universal Studios Florida Hollywood E.T. Adventure
81%
Universal Studios Florida World Expo MEN IN BLACK: Alien Attack!
81%
Universal Epic Universe SUPER NINTENDO WORLD Minecart Madness
81%
Universal Studios Florida New York Revenge of the Mummy
81%
Universal Islands of Adventure Jurassic Park Jurassic Park River Adventure
79%
Universal Islands of Adventure Skull Island: Reign of Kong Skull Island: Reign of Kong
79%
Universal Studios Florida Springfield The Simpsons Ride
79%
Universal Islands of Adventure The Wizarding World of Harry Potter - Hogmeade Harry Potter and the Forbidden Journey
77%
Universal Islands of Adventure Toon Lagoon Popeye & Bluto's Bilge-Rat Barges
77%
Universal Epic Universe Celestial Park Stardust Racers
77%
Universal Studios Florida San Francisco Fast & Furious - Supercharged
74%
Universal Islands of Adventure The Wizarding World of Harry Potter - Hogmeade Flight of the Hippogriff
74%
Universal Epic Universe The Wizarding World of Harry Potter - Ministry of Magic Harry Potter and the Battle at the Ministry
74%
Universal Studios Florida Illumination's Minion Land Illumination's Villain-Con Minion Blast
74%
Universal Islands of Adventure Seuss Landing The Cat in the Hat
74%
Universal Epic Universe SUPER NINTENDO WORLD Yoshi's Adventure
72%
Universal Islands of Adventure Toon Lagoon Dudley Do-Right's Ripsaw Falls
70%
Universal Islands of Adventure The Wizarding World of Harry Potter - Hogmeade Hogwarts Express - Hogsmeade Station
67%
Universal Studios Florida The Wizarding World of Harry Potter - Diagon Alley Hogwarts Express - King's Cross Station
67%
Universal Epic Universe Dark Universe Monsters Unchained: The Frankenstein Experiment
65%
Universal Islands of Adventure Seuss Landing One Fish, Two Fish, Red Fish, Blue Fish
65%
Universal Islands of Adventure Marvel Super Hero Island Storm Force Accelatron
63%
Universal Studios Florida New York TRANSFORMERS: The Ride - 3D
63%
Universal Studios Florida DreamWorks Land Trolls' Trollercoaster
63%
Universal Epic Universe Dark Universe Curse of the Werewolf
60%
Universal Epic Universe How to Train Your Dragon - Isle of Berk Hiccup's Wing Gliders
60%
Universal Studios Florida Springfield Kang & Kodos' Twirl 'n' Hurl
51%
Universal Epic Universe Celestial Park Constellation Carousel
47%
Universal Epic Universe How to Train Your Dragon - Isle of Berk Fyre Drill
44%
Universal Islands of Adventure Seuss Landing The High in the Sky Seuss Trolley Train Ride!
42%
Universal Islands of Adventure Seuss Landing Caro-Seuss-el
37%
Universal Islands of Adventure Jurassic Park Pteranodon Flyers
37%
Universal Epic Universe How to Train Your Dragon - Isle of Berk Dragon Racer's Rally
35%
Universal Volcano Bay River Village Krakatau Aqua Coaster
12%
Universal Volcano Bay Rainforest Village Ohno of Ohyah and Ohno Drop Slides
12%
Universal Volcano Bay River Village ika Moana of Honu ika Moana
7%
Universal Volcano Bay Rainforest Village Ohyah of Ohyah and Ohno Drop Slides
7%
Universal Volcano Bay River Village Honu of Honu ika Moana
5%
Universal Volcano Bay Rainforest Village Kala and Tai Nui Serpentine Body Slides
2%
Universal Volcano Bay Wave Village Ko’okiri Body Plunge
2%
Universal Volcano Bay River Village Kopiko Wai Winding River
2%
Universal Volcano Bay Rainforest Village Maku of Maku Puihi Round Raft Rides
2%
Universal Volcano Bay Rainforest Village Puihi of Maku Puihi Round Raft Rides
2%
Universal Volcano Bay Rainforest Village Punga Racers
2%
Universal Volcano Bay River Village Runamukka Reef
2%
Universal Volcano Bay Rainforest Village TeAwa The Fearless River
2%
Universal Volcano Bay Wave Village The Reef
2%
Universal Volcano Bay River Village Tot Tiki Reef
2%
Universal Volcano Bay Rainforest Village Hammerhead Beach
0%
Universal Volcano Bay Rainforest Village Puka Uli Lagoon
0%
Universal Volcano Bay Rainforest Village Taniwha Tubes - Raki
0%
Universal Volcano Bay Rainforest Village Taniwha Tubes - Tonga
0%
Universal Volcano Bay Wave Village Waturi Beach
0%
No matching quizzes found
Score Distribution
Percent of People with Each Score
Percentile by Number Answered
Your Score History
You have not taken this quiz since the last reset